[Event "VIE-ch U20"]
[Site "Ho Chi Minh City"]
[Date "2014.07.13"]
[Round "2"]
[White "Nguyen, Huynh Trong Hai"]
[Black "Tran, Quang Khai"]
[Result "1/2-1/2"]
[WhiteElo "1882"]
[BlackElo "2038"]
[PlyCount "34"]
[EventDate "2014.07.13"]
[EventType "swiss"]
[EventRounds "9"]
[EventCountry "VIE"]
[SourceTitle "EXT 2016"]
[Source "ChessBase"]
[SourceDate "2015.10.08"]
[SourceVersion "1"]
[SourceVersionDate "2015.10.08"]
[SourceQuality "1"]

1. d4 Nf6 2. Nf3 b6 3. c4 e6 4. Nc3 Bb4 5. Qc2 Bb7 6. a3 Bxc3+ 7. Qxc3 0-0 8. Bg5 d6 9. g3 Nbd7 10. Bg2 h6 11. Bxf6 Nxf6 12. 0-0 Qe7 13. Nd2 Bxg2 14. Kxg2 Rae8 15. b4 c5 16. dxc5 dxc5 17. Rfd1 e5 1/2-1/2

[Event "Ho Chi Minh City HD Bank op 4th"]
[Site "Ho Chi Minh City"]
[Date "2014.03.12"]
[Round "5"]
[White "Tran, Quang Khai"]
[Black "Tran, Thi Mong Thu"]
[Result "0-1"]
[WhiteElo "2091"]
[BlackElo "1909"]
[PlyCount "128"]
[EventDate "2014.03.10"]
[EventType "swiss"]
[EventRounds "9"]
[EventCountry "VIE"]
[SourceTitle "CBM 159 Extra"]
[Source "ChessBase"]
[SourceDate "2014.04.24"]
[SourceVersion "1"]
[SourceVersionDate "2014.04.24"]
[SourceQuality "1"]

1. d4 d5 2. c4 c6 3. Nf3 Nf6 4. Qc2 e6 5. Nc3 Be7 6. e3 0-0 7. Rg1 Nbd7 8. g4 b6 9. g5 Ne8 10. h4 g6 11. h5 Ng7 12. hxg6 fxg6 13. Be2 Bb7 14. cxd5 cxd5 15. Nh4 Nf5 16. Nxf5 Rxf5 17. f4 Nf8 18. Bg4 Rf7 19. Qh2 Qc7 20. Qh3 Qd7 21. Bd2 Bd6 22. 0-0-0 b5 23. Kb1 b4 24. Ne2 a5 25. Nc1 Ba6 26. Rge1 a4 27. e4 dxe4 28. Rxe4 Bc4 29. Nd3 b3 30. a3 Qc6 31. Ree1 Re8 32. Ne5 Bxe5 33. Rxe5 Bd5 34. Rc1 Qb7 35. Rce1 Qc6 36. Bc3 Rxf4 37. Qg3 Rf7 38. Qe3 Nd7 39. Rxd5 Qxd5 40. Bxe6 Rxe6 41. Qxe6 Qxe6 42. Rxe6 Rf1+ 43. Re1 Rxe1+ 44. Bxe1 Kf7 45. Kc1 Ke6 46. Kd2 Kd5 47. Kc3 Nb6 48. Kb4 Nc8 49. Bc3 Nd6 50. Kxa4 Kc4 51. d5 Ne4 52. Bf6 Kxd5 53. Bd8 Kc4 54. Ka5 Nc5 55. Bf6 Nd7 56. a4 h5 57. gxh6 Nxf6 58. Kb6 g5 59. a5 g4 60. a6 g3 61. a7 g2 62. a8Q g1Q+ 63. Kc7 Qc5+ 64. Qc6 Qxc6+ 0-1

[Event "VIE-chT"]
[Site "Ho Chi Minh City"]
[Date "2013.08.19"]
[Round "8"]
[White "Hoang, Van Ngoc"]
[Black "Tran, Quang Khai"]
[Result "0-1"]
[WhiteElo "2263"]
[BlackElo "2070"]
[PlyCount "130"]
[EventDate "2013.08.14"]
[EventType "team-swiss"]
[EventRounds "11"]
[EventCountry "VIE"]
[SourceTitle "CBM 156 Extra"]
[Source "ChessBase"]
[SourceDate "2013.10.22"]
[SourceVersion "1"]
[SourceVersionDate "2013.10.22"]
[SourceQuality "1"]

1. d4 Nf6 2. c4 e6 3. Nf3 Bb4+ 4. Bd2 Qe7 5. g3 Nc6 6. Bg2 Bxd2+ 7. Qxd2 Ne4 8. Qc2 Qb4+ 9. Nc3 Nxc3 10. bxc3 Qxc4 11. 0-0 d5 12. Rfb1 Ne7 13. e4 0-0 14. e5 Qc6 15. Ng5 Ng6 16. Bf1 Qe8 17. f4 f6 18. Nh3 c5 19. Bd3 c4 20. Be2 Qc6 21. Nf2 Bd7 22. h4 f5 23. Nd1 b5 24. Ne3 a5 25. a3 Rab8 26. Rb2 Qc7 27. Qd2 Rfc8 28. Rab1 Ne7 29. Bf3 Kh8 30. h5 Qa7 31. h6 Rg8 32. Qh2 g5 33. fxg5 Rxg5 34. Qh4 Rbg8 35. Kf2 Bc6 36. Bh5 Nc8 37. Rh1 Qe7 38. Rh3 Qxa3 39. Re2 Qe7 40. Ng2 Be8 41. Bxe8 Qxe8 42. Nf4 b4 43. Rh1 Qe7 44. Nh5 R5g6 45. Nf6 Rf8 46. Ra1 Qc7 47. Qf4 b3 48. Kf3 Nb6 49. Rxa5 Nd7 50. Nxd7 Qxd7 51. Qc1 Rfg8 52. Rg2 Qb7 53. Qb2 Qe7 54. Qc1 Qb7 55. Qb2 Rxh6 56. Qa3 Qg7 57. Ra8 Qg4+ 58. Kf2 Rhg6 59. Rxg8+ Rxg8 60. Qe7 Qg6 61. Rg1 b2 62. Qb7 f4 63. Qxb2 fxg3+ 64. Kg2 Qe4+ 65. Kh3 Qf3 0-1

[Event "ASEAN-ch U20 14th"]
[Site "Chiangmai"]
[Date "2013.06.12"]
[Round "7"]
[White "Tran, Quang Khai"]
[Black "Tan, Weiliang"]
[Result "0-1"]
[WhiteElo "2070"]
[BlackElo "2194"]
[PlyCount "84"]
[EventDate "2013.06.08"]
[EventType "swiss"]
[EventRounds "9"]
[EventCountry "THA"]
[SourceTitle "EXT 2014"]
[Source "ChessBase"]
[SourceDate "2013.11.20"]
[SourceVersion "1"]
[SourceVersionDate "2013.11.20"]
[SourceQuality "1"]

1. d4 f5 2. Nf3 Nf6 3. g3 g6 4. Bg2 Bg7 5. 0-0 0-0 6. c4 d6 7. b4 Qe8 8. Qb3 e5 9. Bb2 e4 10. Ng5 h6 11. Nh3 g5 12. f4 Qh5 13. Nc3 c6 14. b5 Ng4 15. Nd1 Nd7 16. e3 Kh7 17. Ndf2 Ndf6 18. Rad1 d5 19. Nxg4 fxg4 20. Nf2 gxf4 21. exf4 Re8 22. Rde1 e3 23. Rxe3 dxc4 24. Qc2+ Bf5 25. Ne4 Nxe4 26. Bxe4 Rxe4 27. Rxe4 Re8 28. Rfe1 Rxe4 29. Rxe4 Qg6 30. Qxc4 Bxe4 31. bxc6 Bxc6 32. Qe2 Qe4 33. Qxe4+ Bxe4 34. Kf2 Bd5 35. a4 Kg6 36. Ke3 Bf8 37. Bc3 Kf5 38. a5 Ba3 39. Kd3 b5 40. Bd2 b4 41. Kc2 b3+ 42. Kb1 Be4+ 0-1

[Event "ASEAN-ch U20 14th"]
[Site "Chiangmai"]
[Date "2013.06.11"]
[Round "6"]
[White "Mohammad, Nubairshah Shaikh"]
[Black "Tran, Quang Khai"]
[Result "1-0"]
[WhiteElo "2224"]
[BlackElo "2070"]
[PlyCount "93"]
[EventDate "2013.06.08"]
[EventType "swiss"]
[EventRounds "9"]
[EventCountry "THA"]
[SourceTitle "EXT 2014"]
[Source "ChessBase"]
[SourceDate "2013.11.20"]
[SourceVersion "1"]
[SourceVersionDate "2013.11.20"]
[SourceQuality "1"]

1. d4 Nf6 2. c4 e5 3. dxe5 Ng4 4. Nf3 Bc5 5. e3 Nc6 6. Be2 Ngxe5 7. Nxe5 Nxe5 8. 0-0 0-0 9. Nc3 a5 10. Ne4 Ba7 11. b3 d6 12. Bb2 Qe7 13. Rc1 f5 14. Nc3 Be6 15. Nd5 Qf7 16. Qd2 a4 17. Nf4 axb3 18. axb3 Kh8 19. Rfd1 Ng4 20. Bf3 Nf6 21. Bxb7 Rab8 22. Bd5 Bxd5 23. cxd5 Ne4 24. Qc2 Nc5 25. Bd4 c6 26. Ne6 cxd5 27. Nxf8 Qxf8 28. Ra1 Bb6 29. b4 Ne4 30. Bxb6 Rxb6 31. Rxd5 h6 32. f3 Nf6 33. Rda5 Rxb4 34. Qxf5 Rb8 35. e4 Qd8 36. h3 Ng8 37. Kh2 Ne7 38. Qe6 Nc6 39. Rd5 Ne5 40. Qxd6 Nxf3+ 41. gxf3 Qc8 42. Rd2 Kh7 43. Rg1 Qe8 44. Qc7 Qf8 45. Rdg2 Rb2 46. Rxb2 Qf6 47. Rb7 1-0

[Event "ASEAN-ch U20 14th"]
[Site "Chiangmai"]
[Date "2013.06.10"]
[Round "5"]
[White "Tran, Quang Khai"]
[Black "Mohamad, Satibi"]
[Result "0-1"]
[WhiteElo "2070"]
[BlackElo "2186"]
[PlyCount "134"]
[EventDate "2013.06.08"]
[EventType "swiss"]
[EventRounds "9"]
[EventCountry "THA"]
[SourceTitle "EXT 2014"]
[Source "ChessBase"]
[SourceDate "2013.11.20"]
[SourceVersion "1"]
[SourceVersionDate "2013.11.20"]
[SourceQuality "1"]

1. d4 e6 2. Nf3 Nf6 3. Bg5 h6 4. Bxf6 Qxf6 5. e4 d5 6. e5 Qd8 7. Bd3 c5 8. c3 Nc6 9. dxc5 Bxc5 10. Nbd2 Qb6 11. 0-0 Qxb2 12. c4 Qb6 13. Rb1 Qd8 14. Nb3 Be7 15. Qe2 Nb4 16. Rfd1 Bd7 17. cxd5 Nxd5 18. Rbc1 Bg5 19. Nxg5 hxg5 20. Nc5 Bc6 21. Bb5 Kf8 22. Bxc6 bxc6 23. Ne4 g6 24. Qf3 Rc8 25. Nf6 Kg7 26. Qg3 Qe7 27. Qxg5 Nxf6 28. exf6+ Qxf6 29. Qxf6+ Kxf6 30. Rd7 a5 31. Ra7 Ra8 32. Rc7 Rhc8 33. R1xc6 Rxc7 34. Rxc7 Rb8 35. Rc1 Rb2 36. Ra1 a4 37. a3 Ke5 38. h4 Kf5 39. g3 Rb3 40. Ra2 e5 41. Kg2 e4 42. Kh3 f6 43. Kg2 Ke5 44. g4 Kf4 45. h5 gxh5 46. gxh5 Kg5 47. Rc2 Kxh5 48. Rc4 Rxa3 49. Rxe4 Kg5 50. Re8 Ra1 51. Kf3 Ra3+ 52. Ke4 f5+ 53. Ke5 Rf3 54. Rg8+ Kh4 55. Rg1 a3 56. Ra1 Kh3 57. Ra2 Kg2 58. Kd4 f4 59. Ke4 Rxf2 60. Rxa3 f3 61. Kf4 Rc2 62. Ra8 f2 63. Rg8+ Kf1 64. Kf3 Rc3+ 65. Kf4 Rc2 66. Ra8 Rb2 67. Ke3 Kg1 0-1

[Event "ASEAN-ch U20 14th"]
[Site "Chiangmai"]
[Date "2013.06.09"]
[Round "3"]
[White "Tran, Quang Khai"]
[Black "Nguyen, Duc Viet"]
[Result "1-0"]
[WhiteElo "2070"]
[BlackElo "2127"]
[PlyCount "53"]
[EventDate "2013.06.08"]
[EventType "swiss"]
[EventRounds "9"]
[EventCountry "THA"]
[SourceTitle "EXT 2014"]
[Source "ChessBase"]
[SourceDate "2013.11.20"]
[SourceVersion "1"]
[SourceVersionDate "2013.11.20"]
[SourceQuality "1"]

1. d4 d5 2. c4 c6 3. Nf3 Nf6 4. cxd5 cxd5 5. Nc3 Nc6 6. Ne5 Qb6 7. e3 e6 8. f4 Bb4 9. Bd3 Ne4 10. 0-0 Nxe5 11. fxe5 f5 12. Bb5+ Kd8 13. Nxe4 Qxb5 14. Nd6 Bxd6 15. exd6 Qd7 16. e4 dxe4 17. Bf4 Qf7 18. Rc1 Bd7 19. Rc7 g5 20. Be5 Rf8 21. Qb3 b6 22. Rfc1 f4 23. Rxd7+ Qxd7 24. Rc7 Rc8 25. Rxd7+ Kxd7 26. Qa4+ Kd8 27. Qxa7 1-0

[Event "Ho Chi Minh City HD Bank op 2nd"]
[Site "Ho Chi Minh City"]
[Date "2012.03.06"]
[Round "7"]
[White "Tran, Quang Khai"]
[Black "Do, Thi Thuong"]
[Result "1-0"]
[WhiteElo "2025"]
[BlackElo "2091"]
[PlyCount "98"]
[EventDate "2012.03.02"]
[EventType "swiss"]
[EventRounds "9"]
[EventCountry "VIE"]
[SourceTitle "CBM 147 Extra"]
[Source "ChessBase"]
[SourceDate "2012.04.24"]
[SourceVersion "1"]
[SourceVersionDate "2012.04.24"]
[SourceQuality "1"]

1. d4 g6 2. h4 Bg7 3. h5 d6 4. Nc3 Nc6 5. d5 Ne5 6. e4 c6 7. Be2 cxd5 8. Nxd5 e6 9. Ne3 g5 10. Nf3 h6 11. Nxe5 Bxe5 12. Nc4 Qc7 13. Nxe5 dxe5 14. Bb5+ Bd7 15. Bxd7+ Qxd7 16. Qxd7+ Kxd7 17. Bd2 Ne7 18. 0-0-0 Ke8 19. Bc3 Nc6 20. b4 a6 21. a4 f6 22. Rh3 Rd8 23. Rxd8+ Kxd8 24. Rf3 Ke7 25. b5 axb5 26. axb5 Nd4 27. Bb4+ Kf7 28. Rd3 Rc8 29. c3 Ke8 30. Kb2 Nxb5 31. Kb3 Rd8 32. Rxd8+ Kxd8 33. Kc4 Nc7 34. Kc5 Na6+ 35. Kd6 Nxb4 36. cxb4 f5 37. Kxe6 fxe4 38. Kxe5 Kc7 39. Kxe4 Kc6 40. Kd4 Kd6 41. f3 b6 42. g3 Ke6 43. Ke4 b5 44. f4 gxf4 45. gxf4 Kf6 46. f5 Kf7 47. Ke5 Ke7 48. f6+ Kf7 49. Kf5 Kf8 1-0

[Event "Ho Chi Minh City HD Bank op 2nd"]
[Site "Ho Chi Minh City"]
[Date "2012.03.02"]
[Round "1"]
[White "Tran, Quang Khai"]
[Black "Duong, The Anh"]
[Result "0-1"]
[WhiteElo "2025"]
[BlackElo "2373"]
[PlyCount "56"]
[EventDate "2012.03.02"]
[EventType "swiss"]
[EventRounds "9"]
[EventCountry "VIE"]
[SourceTitle "CBM 147 Extra"]
[Source "ChessBase"]
[SourceDate "2012.04.24"]
[SourceVersion "1"]
[SourceVersionDate "2012.04.24"]
[SourceQuality "1"]

1. d4 e6 2. c4 b6 3. a3 Bb7 4. Nc3 g6 5. Nf3 Bg7 6. Bg5 Ne7 7. Qd2 h6 8. Bf4 d6 9. h4 Nd7 10. Rd1 Nf6 11. Qc2 0-0 12. e4 Nh5 13. Bh2 f5 14. Bd3 f4 15. c5 Kh7 16. Ne2 Qc8 17. b4 bxc5 18. dxc5 e5 19. Bb5 c6 20. Ba4 d5 21. exd5 cxd5 22. c6 Nxc6 23. Rxd5 Nd4 24. Qxc8 Raxc8 25. Rd7 Bxf3 26. Nxd4 Rc1+ 27. Kd2 Rxh1 28. Nxf3 e4 0-1

[Event "VIE-chT"]
[Site "Nha Trang"]
[Date "2009.08.30"]
[Round "11"]
[White "Nguyen, Van Hai"]
[Black "Tran, Quang Khai"]
[Result "1-0"]
[WhiteElo "2249"]
[BlackElo "2004"]
[PlyCount "111"]
[EventDate "2009.08.21"]
[EventType "team-tourn"]
[EventRounds "11"]
[EventCountry "VIE"]
[SourceTitle "CBM 132 Extra"]
[Source "ChessBase"]
[SourceDate "2009.11.03"]
[SourceVersion "1"]
[SourceVersionDate "2009.11.03"]
[SourceQuality "1"]

1. g3 f5 2. Bg2 Nf6 3. d4 e6 4. c4 c6 5. Nh3 d6 6. 0-0 Be7 7. Nc3 e5 8. b3 Qc7 9. Ba3 0-0 10. Qd2 Re8 11. Rad1 Nbd7 12. Rfe1 Nf8 13. f3 Ng6 14. e3 b6 15. Nf2 Bb7 16. Bh3 c5 17. dxc5 dxc5 18. Nd5 Nxd5 19. cxd5 Rad8 20. e4 f4 21. Kg2 Bc8 22. Qe2 Rf8 23. Bc1 Bd6 24. Bd2 Qe7 25. Rg1 Rf7 26. Bxc8 Rxc8 27. Nd3 fxg3 28. hxg3 Rcf8 29. Rdf1 Qd7 30. Rh1 a5 31. Nb2 b5 32. Nd1 a4 33. Ne3 axb3 34. axb3 Ne7 35. Ng4 Rc8 36. Rh5 c4 37. bxc4 bxc4 38. Nxe5 Bxe5 39. Rxe5 Ng6 40. Re6 c3 41. Bc1 Qa4 42. Qa6 Qxa6 43. Rxa6 Ne5 44. f4 Nd3 45. e5 Rb7 46. d6 Kf7 47. Rd1 Nxc1 48. Rxc1 Ke6 49. Kh3 Rb2 50. Ra7 Rd2 51. Re7+ Kf5 52. d7 Rd8 53. e6 g5 54. fxg5 Rg8 55. Rxc3 Rxg5 56. Rc5+ 1-0

[Event "Wch U14"]
[Site "Vung Tau"]
[Date "2008.10.28"]
[Round "9"]
[White "Tran, Quang Khai"]
[Black "Mammadov, Zaur Fazahir Oglu"]
[Result "0-1"]
[WhiteElo "2017"]
[BlackElo "2132"]
[PlyCount "66"]
[EventDate "2008.10.20"]
[EventType "swiss"]
[EventRounds "11"]
[EventCountry "VIE"]
[SourceTitle "EXT 2009"]
[Source "ChessBase"]
[SourceDate "2008.11.26"]
[SourceVersion "1"]
[SourceVersionDate "2008.11.26"]
[SourceQuality "1"]

1. e4 e5 2. c4 Bc5 3. d3 Nf6 4. Be2 0-0 5. Nf3 Nc6 6. 0-0 d6 7. Nc3 Bg4 8. h3 Bh5 9. Be3 Bb6 10. Rb1 Ne7 11. b4 c6 12. d4 Bg6 13. Bd3 Bc7 14. Qc2 Nh5 15. Nh4 Bb6 16. Ne2 Rc8 17. c5 Bc7 18. dxe5 dxe5 19. Nf5 Nf4 20. Rfd1 Bxf5 21. exf5 Nxd3 22. Rxd3 Qe8 23. f6 Ng6 24. fxg7 Kxg7 25. Qd2 Kh8 26. Bh6 Rg8 27. Bg5 Qe6 28. Rd1 f6 29. Be3 e4 30. Rd7 Nh4 31. Ng3 Bxg3 32. fxg3 Rxg3 33. Qd6 Rxg2+ 0-1

[Event "Wch U14"]
[Site "Vung Tau"]
[Date "2008.10.24"]
[Round "6"]
[White "Tran, Quang Khai"]
[Black "Sathyanandha, Saravanan"]
[Result "1-0"]
[WhiteElo "2017"]
[BlackElo "1951"]
[PlyCount "103"]
[EventDate "2008.10.20"]
[EventType "swiss"]
[EventRounds "11"]
[EventCountry "VIE"]
[SourceTitle "EXT 2009"]
[Source "ChessBase"]
[SourceDate "2008.11.26"]
[SourceVersion "1"]
[SourceVersionDate "2008.11.26"]
[SourceQuality "1"]

1. d4 Nf6 2. c4 e6 3. g3 d5 4. Nf3 c5 5. cxd5 exd5 6. Bg2 Be6 7. Nc3 Nbd7 8. 0-0 Be7 9. Be3 0-0 10. Rc1 c4 11. Ne5 Qa5 12. f4 Nxe5 13. fxe5 Nd7 14. Bd2 Qb6 15. e3 Qc6 16. e4 Nb6 17. Qf3 Rad8 18. Be3 dxe4 19. Qxe4 Nd5 20. Rfd1 f5 21. Qf3 b5 22. Ne2 g5 23. Rf1 Qb6 24. h3 Nb4 25. Nc3 Nd5 26. Nxd5 Bxd5 27. Qe2 Bxg2 28. Qxg2 Qe6 29. Rcd1 Rd5 30. Kh2 Kh8 31. g4 f4 32. Bf2 Bd8 33. Qe4 Bc7 34. Be1 Re8 35. Bc3 a5 36. a3 Red8 37. Kg2 Kg7 38. Kf3 R8d7 39. Qf5 Qh6 40. Kg2 Rf7 41. Qe4 Qe6 42. Rf2 Rfd7 43. Re2 Kg8 44. Qf5 Qe7 45. Re4 b4 46. axb4 axb4 47. Be1 Rxe5 48. Rxe5 Bxe5 49. Bxb4 Qxb4 50. Qxd7 Qxb2+ 51. Kf1 Bf6 52. Re1 1-0

[Event "Wch U14"]
[Site "Vung Tau"]
[Date "2008.10.20"]
[Round "1"]
[White "Naroditsky, Daniel"]
[Black "Tran, Quang Khai"]
[Result "1/2-1/2"]
[WhiteElo "2382"]
[BlackElo "2017"]
[PlyCount "108"]
[EventDate "2008.10.20"]
[EventType "swiss"]
[EventRounds "11"]
[EventCountry "VIE"]
[SourceTitle "EXT 2009"]
[Source "ChessBase"]
[SourceDate "2008.11.26"]
[SourceVersion "1"]
[SourceVersionDate "2008.11.26"]
[SourceQuality "1"]

1. Nf3 Nf6 2. g3 d5 3. Bg2 Bf5 4. 0-0 c6 5. d3 h6 6. Nbd2 e6 7. Qe1 Be7 8. e4 Bh7 9. Ne5 Nbd7 10. Nxd7 Nxd7 11. Qe2 0-0 12. Rd1 Re8 13. Nf3 Qc7 14. e5 b5 15. h4 Qd8 16. Bh3 Nb6 17. Nd4 Qd7 18. Qh5 c5 19. Ne2 Bf8 20. Nf4 c4 21. Qe2 cxd3 22. cxd3 Rac8 23. Nh5 Bg6 24. Nf4 Bh7 25. b3 a5 26. Bb2 d4 27. Rac1 a4 28. Bg2 axb3 29. axb3 Bb4 30. Be4 Bc3 31. Nh5 Nd5 32. Bxc3 Nxc3 33. Qg4 Bg6 34. Bxg6 fxg6 35. Qxg6 Kh8 36. Nf4 Nxd1 37. Rxd1 Kg8 38. Ra1 Qf7 39. Qe4 Qf5 40. Qxd4 Red8 41. Qe3 Rd7 42. h5 Rf7 43. d4 b4 44. Qe2 Rc2 45. Qb5 Rf8 46. Qd7 Kh7 47. Ra7 Qg4 48. Qxe6 Qxe6 49. Nxe6 Rfxf2 50. Rxg7+ Kh8 51. Rc7 Rg2+ 52. Kh1 Rh2+ 53. Kg1 Rhg2+ 54. Kf1 Rgf2+ 1/2-1/2